000 01067cam a2200181 4500500
005 20260111085035.0
041 _afre
042 _adc
100 1 0 _aMadinier, Rémy
_eauthor
700 1 0 _aDe Féo, Agnès
_eauthor
245 0 0 _aL’évolution de l’islam indonésien
260 _c2008.
500 _a71
520 _aAprès l’inauguration de l’Autonomie régionale en 1999, plusieurs administrations ont émis des régulations basées sur la loi islamique, contribuant à l’aliénation et à la marginalisation des femmes dans la société. Le point de vue d’une féministe indonésienne.
520 _aAfter Regional Autonomy was inaugurated in 1999, many regional administrations issued regulations based on wrong interpretations of Islamic Law, further alienating and marginalizing women in society. The point of view of an Indonesian feminist.
786 0 _nLes Cahiers de l'Orient | 92 | 4 | 2008-12-21 | p. 65-72 | 0767-6468
856 4 1 _uhttps://shs.cairn.info/revue-les-cahiers-de-l-orient-2008-4-page-65?lang=fr&redirect-ssocas=7080
999 _c1617573
_d1617573